Rubber clinic: A distance diagnostic and information system for the rapid diagnosis and management of pests and diseases of natural rubber (Record no. 52247)

MARC details
000 -LEADER
fixed length control field 00672nam a2200169Ia 4500
100 ## - MAIN ENTRY--AUTHOR NAME
Personal name Mathew J
245 #0 - TITLE STATEMENT
Title Rubber clinic: A distance diagnostic and information system for the rapid diagnosis and management of pests and diseases of natural rubber
260 ## - PUBLICATION, DISTRIBUTION, ETC. (IMPRINT)
Name of publisher PLACROSYM XIX, 7-10 December 2010, Kottayam. Climate Change. 19th Biennial Symposium on Plantation Crops. Abstracts.pp.197-198.
650 ## - SUBJECT ADDED ENTRY--TOPICAL TERM
Topical Term Digital image library
650 ## - SUBJECT ADDED ENTRY--TOPICAL TERM
Topical Term DIstance diagnostic and identification system (DDIs)
650 ## - SUBJECT ADDED ENTRY--TOPICAL TERM
Topical Term Pests and diseases
650 ## - SUBJECT ADDED ENTRY--TOPICAL TERM
Topical Term Rubber clinic
700 ## - ADDED ENTRY--PERSONAL NAME
Personal name Abraham T
700 ## - ADDED ENTRY--PERSONAL NAME
Personal name Biju B
942 ## - ADDED ENTRY ELEMENTS (KOHA)
Koha item type Bibliography STAF
Holdings
Withdrawn status Lost status Damaged status Not for loan Home library Current library Date acquired Koha item type
      Bibliography RRII Library RRII Library 07/02/2011 Bibliography STAF